Nociones de física y química.

Gespeichert in:
Bibliographische Detailangaben
1. Verfasser: Moreno Alcañiz, Emilio .
Format: Buch
Sprache:Spanisch
Erschienen: Zaragoza : Heraldo de Aragón, 1953
Katalog:MANES:  Suchergebnis im Bibliothekskatalog
Schulbuchspezifische Eigenschaften:
Tags: Tag hinzufügen
Keine Tags, Fügen Sie den ersten Tag hinzu!
Hinzugefügt zu:09.02.2019
Geändert in:07.05.2025

MARC

LEADER 00000cam a2200000 4500
005 20250507134541.0
008 190210S1953 0esp h 0000 00spa0d
040 |a uned  |b spa  |c entro-manes 
041 0 |a spa 
100 2 |a Moreno Alcañiz, Emilio .  |9 20948 
245 1 0 |a Nociones de física y química.  |d Curso tercero, plan 1953  |c por Emilio Moreno Alcañiz 
260 |a Zaragoza :  |b Heraldo de Aragón,  |c 1953 
300 |a VIII, 191 p. 
546 |a España 
561 |5 es-BUNED  |3 L.T. 1847  |a España. Fondo Manes UNED  |k MANES 
690 0 |a FQ 
942 |2 ddc  |c BK 
999 |c 97056  |d 97056 
999 |c manes:97056  |d 97056